000 01269nam a2200301 a 4500
005 20170601104651.0
008 170531b2017 fr ado||r|||| 10| 0 eng d
020 _a9789231002083
040 _aCO-BoIAVH
_cCO-BoIAVH
041 0 _aeng
044 _afr
082 0 4 _a577.076
_bK73l1
245 0 0 _aKnowing our lands and resources :
_bIndigenous and local knowledge of biodiversity and ecosystem services in Africa
_ceditado por Marie Roué [y otros 3]
260 _aParís (Francia) :
_bUNESCO,
_c2017.
300 _a156 páginas :
_bilustraciones, tablas y fotografías a color ;
_c30 x 21 cm.
490 0 _aKnowledges of Nature ;
_v8
500 _aIncluye anexos.
504 _aIncluye referencias bibliográficas.
650 2 6 _aBiodiversidad
_xConocimiento indígena
_vCongresos, conferencias, etc.
650 2 6 _aServicios de los ecosistemas
_xConocimiento indígena
_vCongresos, conferencias, etc.
651 6 _aÁfrica
700 1 _aRoué, M.
_eeditora
700 1 _aCésard, N.
_eeditor
700 1 _aAdou Yao, Y. C.
_eeditor
700 1 _aOteng-Yeboah, A.
_eeditor
710 2 _aOrganización de las Naciones Unidas para la Educación, la Ciencia y la Cultura - UNESCO
942 _2ddc
_cLIBRO
999 _c19522
_d19522